00390nam a22001337a 450000500170000000800410001704100130005808200130007110000120008424500560009626000460015230000320019865000260023020240724074053.0240724b |||||||| |||| 00| 0 eng d aEnglish  a349 SOU  lEnglish aThe South African Law Reports (Appellate Division)  aCape Town: bJuta and Company Ltd, c1911 bxxvii, 698 pages; c25 cm.  aLegal practice bLaw